Wird geladen...
Applicability of indicators of socio-economic change for development planning
| 1. Verfasser: | |
|---|---|
| Format: | Printed Book |
| Sprache: | Undetermined |
| Veröffentlicht: |
1984
|
| LEADER | 00532nam a2200145Ia 4500 | ||
|---|---|---|---|
| 008 | 161229s9999 xx 000 0 und d | ||
| 020 | |a 9231022148 | ||
| 082 | |a 338.9 UNE/AP | ||
| 100 | |a UNESCO | ||
| 245 | |a Applicability of indicators of socio-economic change for development planning | ||
| 260 | |c 1984 | ||
| 300 | |a 124 | ||
| 942 | |c BK | ||
| 999 | |c 152666 |d 152666 | ||
| 952 | |0 0 |1 0 |4 0 |6 338_900000000000000_UNEAP |7 0 |9 151731 |a KAUCLV |b KAUCLV |d 2016-12-29 |o 338.9 UNE/AP |p 903975 |r 2016-12-29 |w 2016-12-29 |y BK |z Book transferred from CCBM Library ,Acc.No:4004 | ||